Statistics for Top 50 Most Densely Populated Countries

Click here to take the quiz!

General Stats

  • This quiz has been taken 49 times
  • The average score is 36 of 50

Answer Stats

DensityCountry% Correct
19,892/km²Monaco
100%
428/km²India
97%
1,138/km²Bangladesh
94%
332/km²Japan
92%
8,371/km²Singapore
92%
411/km²Netherlands
89%
248/km²Luxembourg
86%
257/km²Qatar
86%
660/km²Taiwan
86%
559/km²San Marino
83%
512/km²South Korea
83%
2,332/km²Bahrain
81%
382/km²Belgium
81%
430/km²Israel
81%
240/km²Liechtenstein
81%
260/km²Pakistan
81%
282/km²United Kingdom
78%
299/km²Vietnam
78%
232/km²Germany
75%
246/km²Kuwait
75%
640/km²Lebanon
75%
1,405/km²Malta
75%
421/km²Haiti
72%
325/km²Philippines
72%
799/km²Vatican City
72%
454/km²Burundi
69%
330/km²Grenada
69%
272/km²Jamaica
69%
1,803/km²Maldives
69%
516/km²Rwanda
69%
301/km²Saint Lucia
69%
287/km²Saint Vincent and the Grenadines
69%
227/km²Dominican Republic
67%
220/km²Seychelles
67%
670/km²Barbados
64%
625/km²Mauritius
64%
213/km²Switzerland
64%
487/km²Comoros
61%
225/km²Antigua and Barbuda
58%
519/km²Nauru
58%
236/km²São Tomé and Principe
58%
329/km²Sri Lanka
58%
274/km²Trinidad and Tobago
58%
205/km²Nepal
53%
235/km²Nigeria
50%
216/km²North Korea
50%
464/km²Tuvalu
50%
311/km²El Salvador
47%
331/km²Marshall Islands
44%
239/km²Gambia
39%

Score Distribution

Percentile by Number Answered

Percent of People with Each Score

Your Score History

You have not taken this quiz